000 00327nam a22001337a 4500
003 OSt
005 20231128141913.0
008 231128b |||||||| |||| 00| 0 eng d
040 _cCO-JMCR
082 _aA /
_bCHAr
100 _dChandler Raymond
_eautor
_942991
245 _aAdiòs,muñeca /
_cRaymond Chandler
942 _2ddc
_cBK
999 _c30403
_d16787